পিপলী বেগম /

Bibliografski detalji
Glavni autor: আহমেদ, হুমায়ূন, ১৯৪৮-২০১২
Format: Knjiga
Jezik:Bengali
Izdano: ঢাকা : অবসর প্রকাশনা, ১৯৯৫.
Izdanje:চতুর্থ সংস্করণ.
Teme:
Classic Catalogue: View this record in Classic Catalogue
LEADER 01415nam a22003017a 4500
001 44483
003 BD-DhAAL
005 20250722142306.0
008 250722t1995 bg a|||| |||| 00| 0 brn d
040 |a BD-DhAAL  |c BD-DhAAL 
041 |a ben 
082 |a 891.44371  |2 23 
100 |a আহমেদ, হুমায়ূন,  |d ১৯৪৮-২০১২. 
245 |a পিপলী বেগম /  |c হুমায়ূন আহমেদ. 
246 |f Piplee Begum 
250 |a চতুর্থ সংস্করণ. 
260 |a ঢাকা :  |b অবসর প্রকাশনা,  |c ১৯৯৫. 
300 |a ৫৫ পৃষ্ঠা :  |b চিত্র ;  |c ২২ সে.মি. 
500 |a Juvenile stories. 
541 |a Donated by Farhana Zahir, Assistant Professor, BRAC Business School  |e 44483 
650 |a Children's stories, Bengali. 
650 |a Children's stories, Bengali  |z Bangladesh.  |9 42275 
650 |a Bengali literature. 
655 |a Fantasy fiction. 
852 |a Ayesha Abed Library  |c General Stacks 
942 |2 ddc  |c BK 
999 |c 47336  |d 47336 
952 |0 0  |1 0  |2 ddc  |4 0  |6 891_443710000000000_AHM  |7 0  |9 77883  |a BRACUL  |b BRACUL  |c GEN  |d 2025-07-22  |e Donated by Farhana Zahir, Assistant Professor, BRAC Business School  |g 35.00  |l 3  |m 24  |o 891.44371 AHM  |p 3010044483  |q 2026-05-19  |r 2026-05-05  |s 2026-05-05  |t 1  |v 70.00  |w 2025-07-22  |y BK  |x Donated by Farhana Zahir, Assistant Professor, BRAC Business School